| 000 | 00908cam a2200205Ia 4500 | ||
|---|---|---|---|
| 999 |
_c6823 _d6823 |
||
| 020 | _a9780273726937 | ||
| 020 | _a0273726935 | ||
| 050 | 1 | 4 |
_aPE1479 _b.M36 |
| 100 | 1 | _aMcMillan, Kathleen. | |
| 245 | 1 | 0 |
_aHow to write dissertations & project reports / _cKathleen McMillan and Jonathan Weyers. |
| 250 | _aRejacketed edition. | ||
| 260 |
_aHarlow _bPearson Education Limited _c2010 |
||
| 300 |
_axi, 286 pages : _billustrations ; _c22 cm. |
||
| 500 | _aOriginally published: Harlow: Pearson Prentice Hall, 2007. | ||
| 505 | _aIntroduction Planning your search Finding and Filtering information Applying research techniques Working with data and numbers Addressing issues of plagiarism, referencing and ethics Writing a first draft Editing revising and presenting | ||
| 650 | 0 |
_aDissertations, Academic _xAuthorship. |
|
| 650 | 0 | _aReport writing. | |
| 700 | 1 | _aWeyers, Jonathan D. B. | |
| 942 | _cBK | ||